| 000 | 00450cam a2200169ua 4500 | ||
|---|---|---|---|
| 003 | OSt | ||
| 008 | 211108b ||||| |||| 00| 0 eng d | ||
| 020 | _a81-203-1375-5 | ||
| 082 |
_a621.4021 _bJON/EN |
||
| 100 |
_aJones, J B . _95118 |
||
| 245 | _aEngineering thermodynamics / | ||
| 260 |
_aNew Delhi : _bPrentice Hall of India Pvt Ltd. , _c2009. |
||
| 300 | _a1000 ; . | ||
| 500 | _a** Reference | ||
| 700 | 1 |
_aDugan, R E . _95119 |
|
| 942 | _cBK | ||
| 999 |
_c10096 _d10096 |
||